Insight into designing tanshinone I derivatives for covid 19 discovery : (Record no. 41332)

MARC details
000 -LEADER
fixed length control field 00543nam a22001577a 4500
003 - CONTROL NUMBER IDENTIFIER
control field OSt
005 - DATE AND TIME OF LATEST TRANSACTION
control field 20260613091433.0
008 - FIXED-LENGTH DATA ELEMENTS--GENERAL INFORMATION
fixed length control field 260613b |||||||| |||| 00| 0 eng d
040 ## - CATALOGING SOURCE
Transcribing agency Library of Congress
050 ## - LIBRARY OF CONGRESS CALL NUMBER
Classification number QD476
Item number .M73 2024
100 ## - MAIN ENTRY--PERSONAL NAME
Personal name MTALEMWA, Erasto Geofrey.
9 (RLIN) 118876
245 ## - TITLE STATEMENT
Title Insight into designing tanshinone I derivatives for covid 19 discovery :
Remainder of title a computational quantum study.
Statement of responsibility, etc. Erasto Geofrey Mtalemwa.
260 ## - PUBLICATION, DISTRIBUTION, ETC. (IMPRINT)
Place of publication, distribution, etc. DODOMA:
Name of publisher, distributor, etc. The University of Dodoma.
Date of publication, distribution, etc. 2024.
300 ## - PHYSICAL DESCRIPTION
Extent xii,105p.;
Other physical details ill.;
Dimensions 27cm.
942 ## - ADDED ENTRY ELEMENTS (KOHA)
Source of classification or shelving scheme Library of Congress Classification
Koha item type Dissertations
Holdings
Withdrawn status Lost status Source of classification or shelving scheme Damaged status Not for loan Collection code Home library Current library Shelving location Date acquired Source of acquisition Total Checkouts Full call number Barcode Date last seen Copy number Price effective from Koha item type
    Library of Congress Classification   Not For Loan Non-fiction Natural and Mathematical Sciences Library Collection Natural and Mathematical Sciences Library Collection Special Reserve 13/06/2026 Legal deposit   QD476 .M73 2024 1827636 13/06/2026 C.1 13/06/2026 Dissertations
© The University of Dodoma 2020